Sindora
| Main Author: | |
|---|---|
| Other Authors: | |
| Format: | Book |
| Published: |
Kuala Lumpur :
Creative Enterprise Sdn.Bhd ,
1994
|
| Series: | Novel creative
|
| Subjects: |
MARC
| LEADER | 00000cam a2200000 7i4500 | ||
|---|---|---|---|
| 001 | 0000009759 | ||
| 002 | 000010626 | ||
| 005 | 20000330.0 | ||
| 020 | |a 9679987760 | ||
| 090 | 0 | 0 | |a F |b SHA |
| 100 | 0 | |a Shamsiah Mohd.Noor | |
| 245 | 1 | 0 | |a Sindora |c Shamsiah Mohd. Nor |
| 260 | |a Kuala Lumpur : |b Creative Enterprise Sdn.Bhd , |c 1994 | ||
| 300 | |a 182 p. ; |c 18 cm. | ||
| 490 | 0 | |a Novel creative | |
| 650 | 0 | 0 | |a Love stories |
| 700 | 0 | |a Azman Yusof , |e ill | |
| 999 | |a 039682 |b BUKU |c PINJAMAN |e PERPUSTAKAAN KOMUNITI PETALING JAYA | ||
| 999 | |a 044798 |b BUKU |c FICTION |e PERPUSTAKAAN KOMUNITI CAW KOTA DAMANSARA | ||